| 000 | 00493nam a22001937a 4500 | ||
|---|---|---|---|
| 003 | NUST - PNEC | ||
| 005 | 20170116180945.0 | ||
| 008 | 150907b xxu||||| |||| 00| 0 eng d | ||
| 020 | _a0028028333 | ||
| 020 | _a0074637282 | ||
| 040 | _cLIBRARY | ||
| 082 | _a621.381 MAL | ||
| 100 |
_98920 _aMalvind, A. P. |
||
| 245 |
_aMalvino electronic principles _cAlbert Paul Malvind |
||
| 250 | _a6th ed. | ||
| 260 | _cc.1999 | ||
| 650 |
_98922 _aElectronic engineering _xEL, EE |
||
| 942 |
_2ddc _cBK |
||
| 999 |
_c66268 _d66268 |
||